000 00634cam a22002053a 4500
001 44795
003 PGUSA
005 20140828084025.0
008 140130s2014||||xxu|||||s|||||000 | eng d
040 _aPGUSA
_beng
042 _adc
100 1 _aColeridge, Samuel Taylor,
_d1772-1834
245 1 0 _aAids to Reflection :
_bAnd the Confessions of an Inquiring Spirit
_h[electronic resource] /
_cSamuel Taylor Coleridge
260 _bProject Gutenberg,
_c2014
506 _aPublic domain in the USA.
516 _aElectronic text
830 0 _aProject Gutenberg
_v44795
856 4 0 _uhttp://www.gutenberg.org/ebooks/44795
942 _cEB
999 _c274046
_d274046